000 00546nam a22001937a 4500
003 OSt
005 20231026121502.0
008 160812b xxu||||| |||| 00| 0 eng d
020 _a1556642334
040 _c040a
082 _aWB 100 18h 1991
100 _4Greene, Harry L.; Glassock, Richard J.; Kelley, Mark A.
245 _aIntroduction to Clinical Medicine
260 _aPhiladelphia
_bB. C Decker
_c1991
300 _axvii, 794p;
_bcol.ill :
_c30 cm.
504 _aIncludes index
650 _aClinical medicine
_9834
942 _2z
_cO_SHELF
999 _c4960
_d4960